Normal view
MARC view
- Gerongga, Renniel R.
Entry Personal Name
001 - CONTROL NUMBER
- control field: 4935
003 - CONTROL NUMBER IDENTIFIER
- control field: URS
005 - DATE AND TIME OF LATEST TRANSACTION
- control field: 20230704093604.0
008 - FIXED-LENGTH DATA ELEMENTS
- fixed length control field: 230704|| aca||aabn | a|a d
040 ## - CATALOGING SOURCE
- Original cataloging agency: URS
100 ## - HEADING--PERSONAL NAME
- Personal name: Gerongga, Renniel R.
- Relator term: author


































